000 00328 a2200145 4500
001 152495
040 _cEscola São Tomás de Aquino
100 _aANDRADE, Carlos Drummond de
240 1 0 _aSentimento do mundo
_lpor
245 1 0 _aSentimento do mundo
362 0 _a2001
440 1 _aRecord
697 _aPoesia
942 _cBK
999 _c152495
_d152495